000 00714nam a2200289Ia 4500
005 20260324133521.0
008 008 260324s9999 xx 000 0 eng d
020 _a9781315198798
037 _aEBOOK
040 _aCRL
040 _beng
040 _cCRL
041 _2eng
041 _aeng
084 _qCRL
100 _aR. W. Sharples
_91193398
245 0 _aPerspectives on Greek Philosophy
245 0 _bS.V. Keeling Memorial Lectures in Ancient Philosophy 1992-2002
260 _bTaylor and Francis
260 _c2003
365 _a
365 _b170
856 _uhttp://www.taylorfrancis.com/books/9781315198798
942 _cEBOOK
999 _c1792502
_d1792502